000 00439nam a2200157Ia 4500
008 180921t2015 xxu||||| |||| 00| 0 sin d
041 _asin
080 _a030
_bENG
245 _aඉංග්‍රිසි - සිංහල ශබ්දකෝෂය
246 _aEnglish - Sinhala Shabdakoshaya
260 _bGunasena
_aColombo
_c2015
300 _b201p, 21cm
942 _cBK
999 _c1568
_d1568
003 LK-CoDNM
040 _aLK-CoDNM
_dLK-CoDNM
_eLK-CoDNM